00528nam a2200145Ia 4500008004100000020001800041041000800059082001600067100005700083245015800140250000600298260004500304300001200349650002100361210716s2011 xx 000 0 und d a9781609946975 aeng a338.04 GRED aGreenberg, Danna;Mckone-Sweet, Kate;Wilson, H James. aNew entrepreneurial leaders: developing leaders who shape social and economic opportunity.bDeveloping leaders who shape social and economic opportunity. a1 aNoidabCollins Business Essentialsc2011 axii,271 aEntrepreneurship